| 000 | 01105nam a2200301 i 4500 | ||
|---|---|---|---|
| 001 | bg | ||
| 003 | BPK | ||
| 005 | 20191028082314.0 | ||
| 008 | 040519s1976 pl a f f |001 0 pol | ||
| 015 | _aPB 1976/3102 | ||
| 040 | _cBPK | ||
| 080 | _a517.2/.3 | ||
| 080 | _a(075.8) | ||
| 100 | 1 |
_aLeja, Franciszek _d(1885-1979). _eAutor |
|
| 245 | 1 | 0 |
_aRachunek różniczkowy i całkowy : _bze wstępem do równań różniczkowych / _cFranciszek Leja ; przy współprac. Franciszka Bierskiego. |
| 250 | _aWyd. 13. | ||
| 260 |
_aWarszawa : _bPańst. Wydaw. Naukowe, _c1976. |
||
| 300 |
_a530, [2] s. : _bil., wykr. ; _c25 cm. |
||
| 490 | 1 |
_aBiblioteka Matematyczna, _x0519-8356 ; _vt. 2. |
|
| 504 | _aBibliogr. s. 512. Indeks. | ||
| 655 | 4 | _aPodręczniki akademickie | |
| 650 | 4 | _aRachunek całkowy | |
| 650 | 4 | _aRachunek różniczkowy | |
| 700 | 1 |
_aBierski, Franciszek _d(1912-2002). _eAutor |
|
| 830 | 0 |
_aBiblioteka Matematyczna, _vt. 2. |
|
| 856 |
_uhttp://koha.tu.koszalin.pl/cgi-bin/koha/opac-detail.pl?biblionumber=32038 _yKatalog online BPK |
||
| 942 |
_2UKD _cKS |
||
| 999 |
_c32038 _d32038 |
||